|
|
|
|
| LEADER |
01254nam a2200349 a 4500 |
| 001 |
000565392 |
| 003 |
CZ BrMZK |
| 005 |
20070724132504.0 |
| 007 |
ta |
| 008 |
000115s2001 xr e p cze d |
| 015 |
|
|
|a cnb001023843
|
| 020 |
|
|
|a 80-7194-355-X
|
| 035 |
|
|
|a (OCoLC)50344247
|
| 040 |
|
|
|a BOA001
|b cze
|
| 072 |
|
7 |
|a 662
|x Výbušniny. Paliva
|2 Konspekt
|9 19
|
| 072 |
|
7 |
|a 37.016
|x Učební osnovy. Vyučovací předměty. Učebnice
|2 Konspekt
|9 22
|
| 080 |
|
|
|a 662.1/.4
|2 MRF
|
| 080 |
|
|
|a 662.22/.23
|2 MRF
|
| 080 |
|
|
|a (075.8)
|2 MRF
|
| 100 |
1 |
|
|a Lehký, Ladislav,
|d 1951-
|7 ola2002159214
|4 aut
|
| 245 |
1 |
0 |
|a Technologie hnacích hmot :
|b učební texty předmětu /
|c Ladislav Lehký
|
| 250 |
|
|
|a Vyd. 1.
|
| 260 |
|
|
|a Pardubice :
|b Univerzita Pardubice,
|c 2001
|
| 300 |
|
|
|a 115 s. :
|b il. ;
|c 24 cm
|
| 521 |
|
|
|a Pro studenty licenčního studia
|
| 650 |
0 |
7 |
|a výbušniny
|7 ph127407
|2 czenas
|
| 650 |
0 |
7 |
|a hnací hmoty
|7 ph305459
|2 czenas
|
| 655 |
|
7 |
|a učebnice vysokých škol
|7 fd133772
|2 czenas
|
| 710 |
2 |
|
|a Univerzita Pardubice.
|b Katedra teorie a technologie výbušin
|7 kn20020321409
|
| 910 |
|
|
|a BOA001
|b 2-1087.609
|
| 990 |
|
|
|a BK
|
| 996 |
6 |
|
|b 2610138053
|c 2-1087.609
|l MZK
|r Sklad / do 1 hodiny
|n 1
|p p.v.
|w 000565392
|u 000010
|a 1
|e BOA001
|j MZK50
|s P
|